indie júnior escolas (Registo nº 884)

Detalhes MARC
000 -Etiqueta do registo
Cabeçalho 00575 a2200217 i 4500
005 - Identificador da versão
Campo de controlo 20240819123847.0
021 ## - Número do Depósito Legal
Código do país PT
035 ## - Other System Control Numbers
System Control Number 0000952
System Control Number 0000945
System Control Number 0000931
100 ## - Dados gerais de processamento
Dados gerais de processamento 20090204 2008 d y0pory5003 ba
101 0# - Língua de publicação
Língua do texto, banda sonora, etc. Português
Língua do documento no original Português
102 ## - Pais de publicação ou produção
País de publicação Portugal
200 1# - Titulo e menção de responsabilidade
Título próprio indie júnior escolas
Informação de outro título pré-escolar; 1º ciclo; 2º ciclo; 3º ciclo; secundário
Primeira menção de responsabilidade Possidónio Cachapa
Outras menções de responsabilidade Rita Figueiredo; Rui Guerra
210 ## - Publicação, Distribuição, etc. 
Lugar da edição, distribuição, etc. Lisboa
Nome do editor, distribuidor, etc. Zero em comportamento
Data da publicação, distribuição, etc. 2008
675 ## - Classificação Decimal Universal (CDU)
Notação 791.228
Edição BN
Língua da edição por
942 ## - Elementos de entrada adicionados (Koha)
Tipo de item no Koha Livro
966 ## - Identificação da Biblioteca
Sigla NUMETECA
994 ## - Estado da catalogação
Situação PARA CORRIGIR
Exemplares
Situação do levantamento Origin of item (home branch) (coded) Biblioteca de empréstimo Código de barras Cota Circulation type (not for loan) Tipo de documento Nota do exemplar Damaged status
  Biblioteca Escolar Eng. Nuno Mergulhão Biblioteca Escolar Eng. Nuno Mergulhão BENM.2063 F IND   CD Audio Sem mensagem